000 00686nam a2200217Ia 4500
005 20241129110924.0
008 241129s9999||||xx |||||||||||||| ||und||
020 _a978-1-032-24862-2
037 _aTB
040 _aCRL
_beng
_cCRL
041 _ahin
_2hin
084 _aO152,3N25:g(Y15) 111R0
_qCRL
100 _aKumar Sukrita Paul Ed.; Sethi Rekha Ed.
_9722828
245 0 _aKrishna Sobti: a counter archive
_cKumar Sukrita Paul Ed.; Sethi Rekha Ed.
260 _aLondon, UK
_bRoutledge
_c2022
300 _axix,286p.
365 _aINR
_b1495
650 _aHindi LiteratureFiction
_9726203
942 _cTB
_hO152,3N25:g(Y15) 111R0
999 _c1228109
_d1228109